[Event "C.to Europeo U18"]
[Site "Fermo ITA"]
[Date "2009.09.04"]
[Round "5"]
[White "Vardanian, Haik G."]
[Black "Swiercz, Dariusz"]
[Result "1-0"]
[WhiteElo "2300"]
[BlackElo "2492"]
[PlyCount "24"]
[EventDate "2009.08.31"]

1. d4 Nf6 2. Nf3 e6 3. c4 Bb4+ 4. Bd2 a5 5. a3 Bxd2+ 6. Nbxd2 d6 7. g3 Qe7 8.
Bg2 e5 9. e4 O-O 10. O-O Bg4 11. Qc2 Bxf3 12. Nxf3 a4 1-0

[Event "C.to Europeo U18"]
[Site "Fermo ITA"]
[Date "2009.09.04"]
[Round "5"]
[White "Vukcevic, Nemanja"]
[Black "Attuati, Stefano"]
[Result "1-0"]
[WhiteElo "1996"]
[BlackElo "1776"]
[PlyCount "93"]
[EventDate "2009.08.31"]

1. e4 e6 2. d4 d5 3. Nc3 Nf6 4. e5 Nfd7 5. f4 c5 6. Nf3 Nc6 7. Be3 cxd4 8. Nxd4
Bc5 9. Qd2 O-O 10. O-O-O a6 11. Qf2 Nxd4 12. Bxd4 Qc7 13. Bd3 b5 14. Qh4 h6 15.
Ne2 b4 16. g4 a5 17. g5 Ba6 18. gxh6 g6 19. Bxc5 Qxc5 20. Qg3 Bxd3 21. Qxd3 a4
22. Kb1 Nb6 23. Rhg1 Kh7 24. h4 b3 25. Rc1 bxa2+ 26. Ka1 Nc4 27. h5 Rg8 28.
hxg6+ fxg6 29. Nd4 Qb6 30. b3 Rab8 31. Rg3 Na5 32. Rcg1 axb3 33. cxb3 Kh8 34.
Rd1 Kh7 35. Rc1 Rb7 36. Rc3 Rc7 37. Rxc7+ Qxc7 38. Qc3 Qxc3+ 39. Rxc3 Re8 40.
Rh3 Nb7 41. Nf3 Nd8 42. Ng5+ Kh8 43. Kxa2 Re7 44. Rc3 Re8 45. Rc8 Kg8 46. h7+
Kg7 47. Rxd8 1-0

[Event "C.to Europeo U18"]
[Site "Fermo ITA"]
[Date "2009.09.04"]
[Round "5"]
[White "Yilmaz, Mustafa"]
[Black "Filippas, Sebastian"]
[Result "1-0"]
[WhiteElo "2432"]
[BlackElo "2224"]
[PlyCount "38"]
[EventDate "2009.08.31"]

1. e4 c5 2. Nf3 d6 3. d4 cxd4 4. Nxd4 Nf6 5. Nc3 g6 6. Be3 Bg7 7. f3 Nc6 8. Qd2
Bd7 9. O-O-O Rc8 10. g4 Ne5 11. Kb1 O-O 12. h4 h5 13. g5 Nh7 14. f4 Ng4 15. f5
Re8 16. Be2 Nxe3 17. Qxe3 Be5 18. Rhf1 e6 19. Qf3 Nf8 1-0

[Event "C.to Europeo U18"]
[Site "Fermo ITA"]
[Date "2009.09.04"]
[Round "5"]
[White "Yilmazyerli, Mert"]
[Black "Poetz, Florian"]
[Result "1/2-1/2"]
[WhiteElo "2255"]
[BlackElo "2364"]
[PlyCount "31"]
[EventDate "2009.08.31"]

1. g3 Nf6 2. Bg2 d5 3. d3 c6 4. Nd2 e5 5. e4 dxe4 6. dxe4 Bg4 7. Ngf3 Nbd7 8.
O-O Bc5 9. Qe2 O-O 10. c3 a5 11. a4 Re8 12. h3 Bh5 13. b3 Qc7 14. Bb2 Bf8 15.
Rad1 Rad8 16. Nc4 1/2-1/2

[Event "C.to Europeo U18"]
[Site "Fermo ITA"]
[Date "2009.09.06"]
[Round "6"]
[White "Albano, Axel"]
[Black "Glibstrup, Jakob"]
[Result "0-1"]
[WhiteElo "1524"]
[BlackElo "1978"]
[PlyCount "46"]
[EventDate "2009.08.31"]

1. d4 Nf6 2. Nf3 g6 3. Bg5 Bg7 4. e3 O-O 5. Bd3 d6 6. O-O c5 7. c3 Nc6 8. Nbd2
Qc7 9. Qc2 e5 10. e4 exd4 11. cxd4 Nb4 12. Qc3 Nxd3 13. Qxd3 Be6 14. Rfc1 b6
15. Rc2 d5 16. Bxf6 Bxf6 17. exd5 Bxd5 18. dxc5 Rfd8 19. cxb6 Qxb6 20. Nb3 Rd6
21. g3 Rad8 22. Kg2 g5 23. Re2 g4 0-1

[Event "C.to Europeo U18"]
[Site "Fermo ITA"]
[Date "2009.09.06"]
[Round "6"]
[White "Alonso Rosell, Alvar"]
[Black "Kopylov, Alexander A."]
[Result "1/2-1/2"]
[WhiteElo "2461"]
[BlackElo "2442"]
[PlyCount "111"]
[EventDate "2009.08.31"]

1. d4 e6 2. c4 b6 3. e4 Bb7 4. Nd2 g6 5. Ngf3 Bg7 6. Bd3 d6 7. O-O Nd7 8. Re1
Ne7 9. Nf1 h6 10. Ng3 a6 11. Be3 c5 12. Qe2 cxd4 13. Nxd4 O-O 14. f4 e5 15. Nf3
exf4 16. Bxf4 Ne5 17. Rad1 N7c6 18. Rf1 Qc7 19. b3 a5 20. Bb1 Kh7 21. Qd2 Rad8
22. Ne2 Bc8 23. Nc3 Bg4 24. Nd5 Qb8 25. a4 Rfe8 26. Qf2 Bxf3 27. gxf3 Nd7 28.
Be3 Nc5 29. Bc2 Ne7 30. Qh4 Nxd5 31. Rxd5 Re6 32. Rfd1 Rde8 33. Bf4 Nb7 34. Qf2
Qc7 35. Bg3 Kh8 36. Qf1 g5 37. Qh3 Be5 38. Kg2 Nc5 39. Qf5 Qe7 40. Qg4 Nd7 41.
Qf5 Rg8 42. Qh3 Rgg6 43. Kh1 Kg7 44. Rf1 h5 45. Bd1 Nf6 46. Rd3 Bxg3 47. hxg3
g4 48. Qh2 gxf3 49. Rdxf3 Re5 50. Bc2 Qe6 51. Qh4 Rh6 52. Rf4 Rg6 53. Bd3 Ne8
54. Bc2 Qe7 55. Bd3 Qe6 56. Bc2 1/2-1/2

[Event "C.to Europeo U18"]
[Site "Fermo ITA"]
[Date "2009.09.06"]
[Round "6"]
[White "Baloire, Endy"]
[Black "Mereu, Matteo"]
[Result "1-0"]
[WhiteElo "1895"]
[BlackElo "1964"]
[PlyCount "61"]
[EventDate "2009.08.31"]

1. d4 e5 2. dxe5 Nc6 3. Nf3 f6 4. exf6 Nxf6 5. Bg5 Bc5 6. e3 d6 7. Bc4 Bg4 8.
Nbd2 h6 9. Bh4 g5 10. Bg3 Qe7 11. Be2 Be6 12. c3 Bf5 13. Nd4 Bxd4 14. cxd4
O-O-O 15. O-O h5 16. h3 Rdg8 17. Rc1 h4 18. Bh2 g4 19. hxg4 Bxg4 20. Bxg4+ Rxg4
21. Kh1 Rhg8 22. Rg1 Nh5 23. Rf1 Qg7 24. Qf3 Qh7 25. Kg1 Qg7 26. Kh1 Qh6 27.
Qh3 Kb8 28. Nf3 Ne7 29. Nxh4 Qf6 30. Nf3 Rh8 31. Qxg4 1-0

[Event "C.to Europeo U18"]
[Site "Fermo ITA"]
[Date "2009.09.06"]
[Round "6"]
[White "Bebel, Arkadiusz"]
[Black "Janse, Rasmus"]
[Result "0-1"]
[WhiteElo "2276"]
[BlackElo "2127"]
[PlyCount "84"]
[EventDate "2009.08.31"]

1. e4 e6 2. Nf3 d5 3. Nc3 Nf6 4. e5 Nfd7 5. d4 c5 6. dxc5 Nc6 7. Bf4 Bxc5 8.
Bd3 f6 9. exf6 Nxf6 10. Qe2 O-O 11. O-O-O Bd6 12. Bxd6 Qxd6 13. Rhe1 Bd7 14.
Nb5 Qb8 15. Kb1 Re8 16. g4 a6 17. g5 Nh5 18. Nbd4 Nf4 19. Qe3 Ng2 20. Nxc6 bxc6
21. Qd4 Nxe1 22. Rxe1 e5 23. Nxe5 Qd6 24. c4 Rad8 25. c5 Qf8 26. Ka1 Bf5 27.
Bxa6 Re6 28. f4 Qe7 29. a3 Ra8 30. Be2 Ra5 31. Rc1 Qa7 32. Ka2 Ra4 33. Qd2 Ra5
34. Qc3 Qc7 35. Bd1 Re8 36. Nxc6 Raa8 37. Ne5 Reb8 38. Qd4 Be4 39. Bc2 Qb7 40.
c6 Qb5 41. c7 Rb7 42. Bxe4 Rxa3+ 0-1

[Event "C.to Europeo U18"]
[Site "Fermo ITA"]
[Date "2009.09.06"]
[Round "6"]
[White "Benidze, Davit"]
[Black "To, Nhat Minh"]
[Result "1-0"]
[WhiteElo "2437"]
[BlackElo "2366"]
[PlyCount "81"]
[EventDate "2009.08.31"]

1. d4 d5 2. Nf3 Nf6 3. c4 c6 4. e3 Bf5 5. Nc3 e6 6. Nh4 Be4 7. f3 Bg6 8. Nxg6
hxg6 9. Qb3 Qc7 10. Bd2 Nbd7 11. O-O-O dxc4 12. Bxc4 b5 13. Bd3 Rxh2 14. g4
Rxh1 15. Rxh1 O-O-O 16. Kb1 Nc5 17. Qc2 Nxd3 18. Qxd3 a6 19. Rc1 Kb7 20. g5 Nd7
21. Ne4 Be7 22. Qb3 a5 23. a4 b4 24. Be1 Qh2 25. Qc4 Rc8 26. Bg3 Qg2 27. Bd6
Qxf3 28. Qd3 Qxe4 29. Qxe4 Bxd6 30. Qf3 f5 31. gxf6 gxf6 32. Rh1 Rc7 33. Rh7 f5
34. Rg7 Nf8 35. Rg8 Rd7 36. Qh1 Rh7 37. Qf1 Rd7 38. Ka2 Rc7 39. e4 Rf7 40. d5
exd5 41. exd5 1-0

[Event "C.to Europeo U18"]
[Site "Fermo ITA"]
[Date "2009.09.06"]
[Round "6"]
[White "Cabrera Trujillo, Jorge Juan"]
[Black "Vardanian, Haik G."]
[Result "0-1"]
[WhiteElo "2410"]
[BlackElo "2300"]
[PlyCount "60"]
[EventDate "2009.08.31"]

1. e4 c5 2. Nf3 e6 3. d4 cxd4 4. Nxd4 a6 5. Nc3 Qc7 6. Bd3 Nc6 7. Nxc6 dxc6 8.
O-O Nf6 9. f4 e5 10. Kh1 Bd6 11. f5 Bc5 12. Bg5 b5 13. a4 Bb7 14. Qe2 Rd8 15.
Nd1 Rd6 16. Ne3 h6 17. Bh4 Nd7 18. c3 f6 19. b4 Bxe3 20. Qxe3 O-O 21. Bf2 Rd8
22. Be2 Kh8 23. c4 bxc4 24. Bxc4 c5 25. bxc5 Nxc5 26. Qxc5 Rc6 27. Qa7 Ra8 28.
Qxa8+ Bxa8 29. Bd5 Qe7 30. Bxc6 Bxc6 0-1

[Event "C.to Europeo U18"]
[Site "Fermo ITA"]
[Date "2009.09.06"]
[Round "6"]
[White "Dvornicen, Ivan"]
[Black "Holvason, Juri"]
[Result "0-1"]
[WhiteElo "1859"]
[BlackElo "2118"]
[PlyCount "112"]
[EventDate "2009.08.31"]

1. d4 Nf6 2. Nf3 g6 3. g3 Bg7 4. Bg2 O-O 5. O-O d6 6. c4 Nc6 7. h3 a6 8. Nc3
Rb8 9. Rb1 Bd7 10. Re1 b5 11. cxb5 axb5 12. b4 e6 13. Qd3 Ne7 14. e4 Bc6 15.
Be3 Nd7 16. a4 bxa4 17. b5 Bb7 18. Nxa4 h6 19. Rec1 f5 20. Nd2 Nf6 21. Qc4 fxe4
22. Qxe6+ Kh8 23. Qc4 Ned5 24. Nc3 Nxe3 25. fxe3 d5 26. Qe2 Qd6 27. g4 h5 28.
g5 Ng8 29. Qe1 Ne7 30. Ne2 Nf5 31. Nf1 Kh7 32. Rc5 Rf7 33. h4 Bf8 34. Rc2 Bg7
35. Rbc1 Qd8 36. Bh3 Nd6 37. Nf4 Nxb5 38. Be6 Rxf4 39. exf4 Nxd4 40. Qd1 Nxe6
41. f5 gxf5 42. Qxh5+ Kg8 43. g6 f4 44. Ng3 c6 45. Nf5 Qf6 46. Rg2 f3 47. Rg4
f2+ 48. Kh1 e3 49. Qh7+ Kf8 50. Nxg7 Qxg7 51. Qh5 Ke7 52. Qf5 c5 53. Kh2 Rf8
54. Qb1 Qe5+ 55. Kg2 Bc6 56. g7 d4+ 0-1

[Event "C.to Europeo U18"]
[Site "Fermo ITA"]
[Date "2009.09.06"]
[Round "6"]
[White "Garnelis, Julius"]
[Black "Kleijn, Christov"]
[Result "1/2-1/2"]
[WhiteElo "2228"]
[BlackElo "2377"]
[PlyCount "98"]
[EventDate "2009.08.31"]

1. e4 c5 2. Nf3 d6 3. d4 cxd4 4. Nxd4 Nf6 5. Nc3 a6 6. Bg5 Nbd7 7. f4 Qc7 8.
Qf3 h6 9. Bh4 g5 10. fxg5 hxg5 11. Bxg5 Qc5 12. Nf5 e6 13. Bxf6 Nxf6 14. Ne3
Nd7 15. Ng4 Ne5 16. Nxe5 Qxe5 17. g3 Bg7 18. Be2 Bd7 19. O-O-O b5 20. Rdf1 Rf8
21. Qh5 Qd4 22. Rxf7 Rxf7 23. Rf1 O-O-O 24. Rxf7 Be8 25. Bg4 Kb8 26. Qg5 Bh6
27. Qxh6 Bxf7 28. Qf4 Rd7 29. Ne2 Qc4 30. Qe3 Kb7 31. b3 Qb4 32. Kb2 Rc7 33. c3
Qc5 34. Qxc5 Rxc5 35. Nd4 Re5 36. h3 Kc7 37. Nf3 Rc5 38. b4 Rc4 39. Ng5 Bg8 40.
Bxe6 Bxe6 41. Nxe6+ Kd7 42. Nd4 Rc8 43. Kc2 Rg8 44. Ne2 Ke6 45. Kd3 Ke5 46. Ke3
Rc8 47. Kd3 Rf8 48. Nf4 Rg8 49. Ne2 Rf8 1/2-1/2

[Event "C.to Europeo U18"]
[Site "Fermo ITA"]
[Date "2009.09.06"]
[Round "6"]
[White "Giacchetti, Lorenzo"]
[Black "Hookham, Jamie"]
[Result "1/2-1/2"]
[WhiteElo "1818"]
[BlackElo "1997"]
[PlyCount "95"]
[EventDate "2009.08.31"]

1. e4 c5 2. Nf3 g6 3. d4 cxd4 4. Qxd4 Nf6 5. Bb5 Nc6 6. Bxc6 bxc6 7. e5 Nd5 8.
O-O Bg7 9. Nc3 Nc7 10. Qh4 Ne6 11. Bh6 O-O 12. Bxg7 Kxg7 13. Rad1 Rb8 14. b3
Qa5 15. Ne4 f6 16. exf6+ exf6 17. Nd6 Rd8 18. Nxc8 Rbxc8 19. Rd6 Qf5 20. Rfd1
Rc7 21. Nd4 Nxd4 22. R1xd4 Re8 23. h3 g5 24. Qg4 Qxg4 25. hxg4 Re7 26. f3 Kg6
27. Kf2 h6 28. Rd3 Rb7 29. c4 Kf7 30. c5 Rb5 31. Rxd7 Rxc5 32. R3d6 Rc2+ 33.
Kg3 Rxa2 34. Rxe7+ Kxe7 35. Rxc6 Ra3 36. Rc7+ Kd6 37. Rf7 Ke6 38. Rc7 Ra6 39.
Kf2 Kd6 40. Rf7 Kc5 41. Rb7 Kd4 42. Kg3 Kc3 43. Kf2 Ra3 44. Kg3 Kd4 45. Kf2 Kc5
46. Kg3 Ra2 47. Rf7 Ra6 48. Kf2 1/2-1/2

[Event "C.to Europeo U18"]
[Site "Fermo ITA"]
[Date "2009.09.06"]
[Round "6"]
[White "Graf, Felix"]
[Black "Filippas, Sebastian"]
[Result "1-0"]
[WhiteElo "2291"]
[BlackElo "2224"]
[PlyCount "59"]
[EventDate "2009.08.31"]

1. d4 Nf6 2. Nc3 d5 3. Bg5 Nbd7 4. e4 dxe4 5. f3 e3 6. Bd3 c6 7. Nge2 e5 8.
Bxe3 Be7 9. O-O O-O 10. Bf5 Qc7 11. Ne4 Nxe4 12. fxe4 Bd6 13. h3 exd4 14. Nxd4
g6 15. Ne6 fxe6 16. Bxe6+ Kg7 17. Qd2 Rxf1+ 18. Rxf1 Ne5 19. Bh6+ Kh8 20. Bb3
Bd7 21. Qg5 Qd8 22. Qf4 a5 23. Bg5 Nf3+ 24. Rxf3 Bxf4 25. Bxd8 Be5 26. Rf8+ Kg7
27. Rg8+ Kh6 28. Bg5+ Kxg5 29. Rxa8 Bxb2 30. Rd8 1-0

[Event "C.to Europeo U18"]
[Site "Fermo ITA"]
[Date "2009.09.06"]
[Round "6"]
[White "Hohluks, Aleksandrs"]
[Black "Stankovic, Milos"]
[Result "1-0"]
[WhiteElo "2085"]
[BlackElo "2306"]
[PlyCount "99"]
[EventDate "2009.08.31"]

1. d4 Nf6 2. c4 c5 3. d5 b5 4. cxb5 a6 5. bxa6 Bxa6 6. Nc3 g6 7. e4 Bxf1 8.
Kxf1 d6 9. h3 Bg7 10. Nge2 O-O 11. Kg1 Nbd7 12. Kh2 Qa5 13. Qc2 Rfb8 14. Rb1
Qa6 15. Rd1 h6 16. b3 Ne8 17. Be3 Nc7 18. a4 Rb7 19. Kh1 Rab8 20. f3 Ne5 21. f4
Nd7 22. Bf2 Rb4 23. Na2 Rxb3 24. Rxb3 Rxb3 25. Qxb3 Qxe2 26. Be3 Bd4 27. Bxd4
cxd4 28. Rxd4 Nc5 29. Qb1 Qe3 30. Rc4 Qxf4 31. Nb4 Qg3 32. a5 Nb5 33. Qc1 Qf2
34. a6 Kh7 35. Qg1 Qe2 36. Rxc5 dxc5 37. Qxc5 Nd6 38. a7 Nxe4 39. Qc1 Ng3+ 40.
Kg1 Qe5 41. Nc6 Qe4 42. Kf2 Qh4 43. a8=Q Ne4+ 44. Ke2 Qf2+ 45. Kd3 Nc5+ 46. Kc4
Nd7 47. Qa7 Ne5+ 48. Kb3 Qe2 49. Nxe5 Qxe5 50. Qac5 1-0

[Event "C.to Europeo U18"]
[Site "Fermo ITA"]
[Date "2009.09.06"]
[Round "6"]
[White "Ketzetzis, Georgios"]
[Black "Sivuk, Vitaly"]
[Result "0-1"]
[WhiteElo "2222"]
[BlackElo "2346"]
[PlyCount "56"]
[EventDate "2009.08.31"]

1. e4 c5 2. Nf3 d6 3. d4 cxd4 4. Nxd4 Nf6 5. Nc3 Nc6 6. Bc4 Bd7 7. O-O g6 8.
Nxc6 Bxc6 9. Bg5 Bg7 10. Nd5 Bxd5 11. exd5 O-O 12. Re1 Rc8 13. Bb3 Qd7 14. Qd3
Rfe8 15. h3 a6 16. a4 Qc7 17. Qd2 Nd7 18. c3 Bf6 19. Bxf6 exf6 20. Qd4 Qc5 21.
a5 Rxe1+ 22. Rxe1 Qxa5 23. Re7 Qd8 24. Re1 Kg7 25. Ba2 Qa5 26. Qg4 Rc7 27. Bb3
Qb6 28. Qd1 Nc5 0-1

[Event "C.to Europeo U18"]
[Site "Fermo ITA"]
[Date "2009.09.06"]
[Round "6"]
[White "Krejci, Jan"]
[Black "Mammadov, Ayaz Arzu Oglu"]
[Result "1-0"]
[WhiteElo "2453"]
[BlackElo "2331"]
[PlyCount "89"]
[EventDate "2009.08.31"]

1. e4 e5 2. Nf3 Nc6 3. Bb5 a6 4. Ba4 d6 5. c3 Bd7 6. d4 g6 7. O-O Bg7 8. Re1 b5
9. Bb3 Nf6 10. Nbd2 O-O 11. h3 Re8 12. a4 h6 13. d5 Ne7 14. c4 c5 15. axb5 axb5
16. Rxa8 Qxa8 17. cxb5 Bxb5 18. Nc4 Qa6 19. Na3 Bd7 20. Bc4 Qb7 21. Re3 Nh7 22.
Rb3 Qc7 23. Nb5 Bxb5 24. Bxb5 Rb8 25. Bd3 f5 26. Rxb8+ Qxb8 27. Qc2 Nf6 28.
exf5 Nfxd5 29. Bc4 gxf5 30. Nh4 Kh8 31. Bxd5 Nxd5 32. Qxf5 Ne7 33. Qf7 Qb4 34.
Qxe7 Qe1+ 35. Kh2 Qxc1 36. Ng6+ Kg8 37. Qxd6 Qg5 38. Ne7+ Kf7 39. Nd5 e4 40.
Qxc5 Bxb2 41. Qc7+ Ke8 42. Qb8+ Kf7 43. Qb7+ Ke6 44. Nc7+ Kf7 45. Na8+ 1-0

[Event "C.to Europeo U18"]
[Site "Fermo ITA"]
[Date "2009.09.06"]
[Round "6"]
[White "Leniart, Arkadiusz"]
[Black "Ter-Sahakyan, Samvel"]
[Result "0-1"]
[WhiteElo "2390"]
[BlackElo "2480"]
[PlyCount "84"]
[EventDate "2009.08.31"]

1. d4 d5 2. c4 c6 3. Nf3 Nf6 4. e3 e6 5. Bd3 Nbd7 6. O-O dxc4 7. Bxc4 Bd6 8.
Nc3 O-O 9. e4 e5 10. Bg5 Qe7 11. d5 Nb6 12. Nd2 h6 13. Bxf6 Qxf6 14. Bb3 Bc5
15. Qc2 Bd7 16. Ne2 Bd6 17. Nc4 Rac8 18. Qd2 Nxc4 19. Bxc4 Rfd8 20. Rac1 c5 21.
Nc3 a6 22. a4 h5 23. Rce1 g5 24. Qd1 Kg7 25. f3 Qe7 26. h3 Rh8 27. g4 Rb8 28.
a5 Rh6 29. Kg2 Qd8 30. Qd2 Qxa5 31. Qxg5+ Rg6 32. Qc1 b5 33. Be2 c4 34. Nd1 Bb4
35. Nc3 Rh8 36. g5 h4 37. f4 Qd8 38. Kh2 exf4 39. Qxf4 Qxg5 40. Qxf7+ Kh6 41.
Rg1 Qe5+ 42. Kh1 Rhg8 0-1

[Event "C.to Europeo U18"]
[Site "Fermo ITA"]
[Date "2009.09.06"]
[Round "6"]
[White "Martin Fuentes, Alberto"]
[Black "Prohaszka, Peter"]
[Result "1/2-1/2"]
[WhiteElo "2244"]
[BlackElo "2508"]
[PlyCount "67"]
[EventDate "2009.08.31"]

1. e4 c6 2. Nc3 d5 3. Nf3 Bg4 4. h3 Bh5 5. exd5 cxd5 6. Bb5+ Nc6 7. g4 Bg6 8.
Ne5 Rc8 9. d4 e6 10. Qe2 Bb4 11. h4 Nge7 12. h5 Be4 13. f3 O-O 14. Nxc6 Nxc6
15. Be3 Qf6 16. fxe4 Nxd4 17. Bxd4 Qxd4 18. Rd1 Bxc3+ 19. bxc3 Qxc3+ 20. Kf1
dxe4 21. Qxe4 Qxc2 22. Qxc2 Rxc2 23. a3 Rb2 24. Be2 Rc8 25. Rh3 Kf8 26. Rhd3 h6
27. Rd8+ Rxd8 28. Rxd8+ Ke7 29. Ra8 a6 30. Rb8 Kf6 31. Bxa6 Ra2 32. Rxb7 Rxa3
33. Be2 Ra5 34. Kf2 1/2-1/2

[Event "C.to Europeo U18"]
[Site "Fermo ITA"]
[Date "2009.09.06"]
[Round "6"]
[White "Massoni, Michael"]
[Black "Omarsson, Dadi"]
[Result "1-0"]
[WhiteElo "2291"]
[BlackElo "2091"]
[PlyCount "55"]
[EventDate "2009.08.31"]

1. e4 c5 2. Nf3 d6 3. c3 Nf6 4. Be2 Bd7 5. d3 g6 6. O-O Bg7 7. Re1 O-O 8. h3
Nc6 9. Bf1 e5 10. a4 h6 11. Na3 Re8 12. Nc4 Qc7 13. Qc2 Be6 14. Be3 b6 15. d4
exd4 16. cxd4 cxd4 17. Nxd4 Nxd4 18. Bxd4 d5 19. Qc3 Nh5 20. Bxg7 Nxg7 21. exd5
Bxd5 22. Qd4 Red8 23. Qf6 Rac8 24. Rac1 Qd7 25. Ne5 Qb7 26. Nxg6 fxg6 27. Re7
Qxe7 28. Qxe7 1-0

[Event "C.to Europeo U18"]
[Site "Fermo ITA"]
[Date "2009.09.06"]
[Round "6"]
[White "Mordechai, Hanan"]
[Black "Pavlidis, Anastasios"]
[Result "1/2-1/2"]
[WhiteElo "2263"]
[BlackElo "2348"]
[PlyCount "89"]
[EventDate "2009.08.31"]

1. e4 e5 2. Nf3 Nc6 3. Bc4 Nf6 4. d3 Be7 5. O-O O-O 6. c3 d5 7. exd5 Nxd5 8. h3
Nf4 9. d4 Ng6 10. dxe5 Ncxe5 11. Nxe5 Nxe5 12. Be2 Bd6 13. Be3 Qh4 14. Qd4 Qxd4
15. Bxd4 Nc6 16. Be3 f5 17. Bc4+ Kh8 18. f4 Re8 19. Kf2 Be6 20. Nd2 Rad8 21.
Rad1 Kg8 22. Bxe6+ Rxe6 23. Nc4 Be7 24. Rxd8+ Bxd8 25. Rd1 Bf6 26. g4 g6 27.
Rd7 Re4 28. Nd2 Re7 29. Rd5 Rf7 30. Nf3 Be7 31. Kg3 Bd6 32. a4 fxg4 33. hxg4 h6
34. Ne5 Re7 35. Bd4 g5 36. Kf3 gxf4 37. Nxc6 bxc6 38. Ra5 Re1 39. Rxa7 c5 40.
Bf2 Rb1 41. Rb7 Ra1 42. b3 Ra3 43. c4 Kf8 44. Ke4 Ra2 45. Kf3 1/2-1/2

[Event "C.to Europeo U18"]
[Site "Fermo ITA"]
[Date "2009.09.06"]
[Round "6"]
[White "Nabaty, Tamir"]
[Black "Chirila, Ioan-Cristian"]
[Result "1/2-1/2"]
[WhiteElo "2504"]
[BlackElo "2526"]
[PlyCount "44"]
[EventDate "2009.08.31"]

1. e4 e5 2. Nf3 Nc6 3. Bb5 a6 4. Ba4 Nf6 5. O-O b5 6. Bb3 Be7 7. d4 d6 8. dxe5
dxe5 9. Qxd8+ Bxd8 10. a4 Rb8 11. axb5 axb5 12. Nc3 Bd7 13. Bg5 O-O 14. h3 h6
15. Bxf6 Bxf6 16. Nd5 Bd8 17. Ra6 Kh7 18. Rd1 Be8 19. c3 f6 20. Nh4 Ne7 21.
Nxe7 Bxe7 22. Ra7 Bc5 1/2-1/2

[Event "C.to Europeo U18"]
[Site "Fermo ITA"]
[Date "2009.09.06"]
[Round "6"]
[White "Nitelea, Alexandru-Barbu"]
[Black "Platzgummer, Fabian"]
[Result "1/2-1/2"]
[WhiteElo "2099"]
[BlackElo "2308"]
[PlyCount "87"]
[EventDate "2009.08.31"]

1. e4 c5 2. Nf3 d6 3. c3 Nf6 4. h3 Nc6 5. Bd3 d5 6. e5 Nd7 7. Bb5 Qc7 8. d4 e6
9. O-O a6 10. Ba4 b5 11. Bc2 a5 12. a3 Ba6 13. Be3 Nb6 14. dxc5 Nc4 15. b4 Nxe3
16. fxe3 Nxe5 17. e4 Rd8 18. Nxe5 Qxe5 19. Qf3 f6 20. exd5 Qxd5 21. Be4 Qe5 22.
Ra2 Bxc5+ 23. bxc5 Qxc5+ 24. Raf2 O-O 25. Bc2 Qb6 26. Re1 Rd6 27. Qe4 g6 28.
Bb3 Kg7 29. Qe3 Qc6 30. Rd2 Bb7 31. Ree2 Rfd8 32. Rxd6 Rxd6 33. Nd2 e5 34. Qa7
a4 35. Ne4 Rd7 36. Nc5 axb3 37. Nxd7 Qxd7 38. Rb2 Qd5 39. a4 bxa4 40. Qxa4 Qc5+
41. Kh2 Bd5 42. Rd2 Bf7 43. Qb4 Qc6 44. Rd8 1/2-1/2

[Event "C.to Europeo U18"]
[Site "Fermo ITA"]
[Date "2009.09.06"]
[Round "6"]
[White "Nuri, Kambez"]
[Black "Yilmaz, Mustafa"]
[Result "1/2-1/2"]
[WhiteElo "2198"]
[BlackElo "2432"]
[PlyCount "146"]
[EventDate "2009.08.31"]

1. e4 c5 2. Nf3 d6 3. d4 cxd4 4. Nxd4 Nf6 5. Nc3 a6 6. Be3 e5 7. Nf3 Qc7 8. a4
Be7 9. a5 O-O 10. Be2 Nc6 11. Bb6 Qd7 12. Nd2 d5 13. exd5 Nxd5 14. Nxd5 Qxd5
15. O-O Qe6 16. Nc4 Qg6 17. Kh1 Be6 18. c3 f5 19. Bc7 Bf6 20. Nb6 Ra7 21. Nd7
Rc8 22. Bb6 Raa8 23. Nc5 Qf7 24. Qd6 Bd5 25. Rfd1 Rd8 26. Bxd8 Rxd8 27. Rxd5
Rxd6 28. Rxd6 Be7 29. Rd7 Qe8 30. Rxb7 Bxc5 31. Bxa6 Bxf2 32. Rc7 Na7 33. Rd1
h5 34. Bc4+ Kh7 35. Rf1 Qb8 36. Rf7 Qxb2 37. Rxf5 Qxc3 38. Ba2 Be3 39. Rxh5+
Bh6 40. a6 Nc6 41. Rh3 Qa5 42. Bb1+ Kg8 43. Rhf3 Bf4 44. g3 Nd4 45. R3f2 Qxa6
46. Be4 g5 47. gxf4 gxf4 48. Rg1+ Kf8 49. Rfg2 Qc4 50. Rg5 Qe6 51. Ra1 Nb5 52.
Ra8+ Kf7 53. Rf5+ Ke7 54. Rh8 Kd6 55. Rg5 Kc5 56. Rhh5 Kd4 57. Rxe5 Qc4 58. Bd3
Qc1+ 59. Kg2 Nc3 60. Bf1 Qd2+ 61. Kg1 f3 62. Re8 Qf4 63. Rd8+ Ke4 64. Re8+ Kd4
65. Rd8+ Ke3 66. Rd3+ Ke4 67. Rxc3 Qg4+ 68. Kf2 Qxh5 69. Rc4+ Ke5 70. h3 Kd6
71. Rf4 Ke5 72. Rxf3 Qh4+ 73. Kg2 Qg5+ 1/2-1/2

[Event "C.to Europeo U18"]
[Site "Fermo ITA"]
[Date "2009.09.06"]
[Round "6"]
[White "Paichadze, Luka"]
[Black "Martinovic, Sasa"]
[Result "1-0"]
[WhiteElo "2420"]
[BlackElo "2525"]
[PlyCount "65"]
[EventDate "2009.08.31"]

1. e4 e6 2. d4 d5 3. exd5 exd5 4. c4 Nf6 5. Nc3 Bb4 6. Bd3 dxc4 7. Bxc4 O-O 8.
Nge2 h6 9. O-O a6 10. Bb3 Nc6 11. Qd3 Ne7 12. Ng3 c5 13. Nce4 Nxe4 14. Qxe4
cxd4 15. Rd1 Qb6 16. Rxd4 Bc5 17. Be3 Be6 18. Rd3 Rac8 19. Bxe6 Qxe6 20. Qxb7
Nf5 21. Nxf5 Qxf5 22. Qxa6 Ra8 23. Qc4 Bxe3 24. fxe3 Rfc8 25. Qd4 Qg5 26. a4
Rab8 27. a5 Rd8 28. Qf4 Rxd3 29. Qxb8+ Kh7 30. Qf4 Qb5 31. b4 Rb3 32. a6 Qc6
33. Qf5+ 1-0

[Event "C.to Europeo U18"]
[Site "Fermo ITA"]
[Date "2009.09.06"]
[Round "6"]
[White "Palazzotto, Giuseppe"]
[Black "Van Cappellen, Jonas"]
[Result "1-0"]
[WhiteElo "1920"]
[BlackElo "2002"]
[PlyCount "33"]
[EventDate "2009.08.31"]

1. d4 e6 2. c4 Nf6 3. Nc3 Bb4 4. Qc2 O-O 5. Nf3 b6 6. e4 Bxc3+ 7. bxc3 d6 8.
Bd3 h6 9. g4 Nxg4 10. Rg1 f5 11. h3 Nf6 12. Bxh6 Rf7 13. O-O-O Bb7 14. Ng5 Re7
15. Bxg7 Ng4 16. hxg4 Kxg7 17. gxf5 1-0

[Event "C.to Europeo U18"]
[Site "Fermo ITA"]
[Date "2009.09.06"]
[Round "6"]
[White "Ponizil, Cyril"]
[Black "Jendrichovsky, Peter"]
[Result "1/2-1/2"]
[WhiteElo "2314"]
[BlackElo "2147"]
[PlyCount "87"]
[EventDate "2009.08.31"]

1. e4 c5 2. Nf3 Nc6 3. Bb5 g6 4. Bxc6 dxc6 5. d3 Bg7 6. h3 e5 7. Be3 b6 8. Qd2
Qe7 9. a4 a5 10. Na3 Ba6 11. Qc3 Rb8 12. Nc4 Bxc4 13. Qxc4 Nf6 14. b4 cxb4 15.
Qxc6+ Nd7 16. Nd2 O-O 17. Nc4 Rfc8 18. Qb5 Qe6 19. O-O f5 20. exf5 gxf5 21.
Rae1 Qc6 22. Qxc6 Rxc6 23. f3 Nc5 24. Bxc5 Rxc5 25. g4 f4 26. Re4 b5 27. axb5
Rbxb5 28. Ra1 Bf6 29. Kf2 Rd5 30. Nd2 Bd8 31. Ke2 Bb6 32. Rc4 Rbc5 33. Nb3 Rc7
34. h4 Kf7 35. Nd2 Ke6 36. g5 Rxc4 37. Nxc4 Bd8 38. Kd2 Kf5 39. c3 bxc3+ 40.
Kxc3 h6 41. gxh6 Kg6 42. d4 exd4+ 43. Kd3 Kxh6 44. Ke4 1/2-1/2

[Event "C.to Europeo U18"]
[Site "Fermo ITA"]
[Date "2009.09.06"]
[Round "6"]
[White "Rasulov, Vugar Ural Oglu"]
[Black "Bulanov, Dmitri"]
[Result "0-1"]
[WhiteElo "2482"]
[BlackElo "2393"]
[PlyCount "65"]
[EventDate "2009.08.31"]

1. e4 c6 2. d4 d5 3. Nc3 dxe4 4. Nxe4 Bf5 5. Ng3 Bg6 6. h4 h6 7. Nh3 Nf6 8. Nf4
Bh7 9. c3 e6 10. Bd3 Bxd3 11. Qxd3 Nbd7 12. Bd2 Qa5 13. Qf3 O-O-O 14. Nd3 Bd6
15. c4 Qc7 16. O-O c5 17. Ne2 cxd4 18. Nxd4 Bh2+ 19. Kh1 Ne5 20. Nxe5 Rxd4 21.
Nd3 Rhd8 22. g3 Rxd3 23. Be3 Rxe3 24. Qxe3 Qc6+ 25. f3 Bxg3 26. Qxa7 Rd2 27. b4
Bb8 28. Qe3 Qd6 29. Rf2 Rd3 30. Qe2 Qd4 31. Rb1 Nh5 32. Qc2 Qxh4+ 33. Kg1 0-1

[Event "C.to Europeo U18"]
[Site "Fermo ITA"]
[Date "2009.09.06"]
[Round "6"]
[White "Smola, Michal"]
[Black "Recuero Guerra, David"]
[Result "0-1"]
[WhiteElo "2231"]
[BlackElo "2460"]
[PlyCount "52"]
[EventDate "2009.08.31"]

1. e4 e5 2. Nf3 d6 3. d4 exd4 4. Nxd4 Nf6 5. Nc3 Be7 6. Be2 O-O 7. O-O Re8 8.
f4 Bf8 9. Bf3 c5 10. Nf5 Nc6 11. Ne3 Nd4 12. Ned5 Nxd5 13. Nxd5 f5 14. Re1
Nxf3+ 15. gxf3 Re6 16. Qe2 Bd7 17. Bd2 Qh4 18. Kh1 Bc6 19. c4 Rae8 20. Qg2 Rg6
21. Qe2 fxe4 22. fxe4 Bd7 23. Rg1 Bf5 24. Nc3 Rge6 25. Rae1 Rxe4 26. Nxe4 Bxe4+
0-1